Statistics for Top 50 NBA Guards of All-Time

Click here to take the quiz!

General Stats

  • This quiz has been taken 69 times
  • The average score is 29 of 50

Answer Stats

RankTeamGuard% Correct
4.GSWSteph Curry
100%
3.LALMagic Johnson
98%
1.CHI, WASMichael Jordan
98%
8.OKL, HOU, BKN, PHIJames Harden
95%
2.LALKobe Bryant
95%
6.LALJerry West
93%
9.DETIsiah Thomas
91%
10.DAL, PHO, NJN, NYKJason Kidd
91%
14.UTAJohn Stockton
91%
7.MIA, CHI, CLEDwyane Wade
90%
11.NOH, LAC, HOU, OKL, PHOChris Paul
88%
5.CIN, MILOscar Robertson
86%
15.PHO, DAL, LALSteve Nash
86%
22.PORDamian Lillard
84%
36.SAS, CHATony Parker
78%
12.POR, HOUClyde Drexler
76%
38.SEA, PHO, BOSDennis Johnson
76%
37.CLE, PHOKevin Johnson
76%
23.INDReggie Miller
74%
19.SEA, MIL, LAL, BOS, MILGary Payton
71%
25.CLE, BOS, BKN, DALKyrie Irving
71%
26.PHI, DEN, DET, MEMAllen Iverson
67%
20.MIL, SEA, BOS, MIARay Allen
66%
24.DALLuka Doncic
64%
13.TOR, ORL, HOU, NYK, DET, ATL, SASTracy McGrady
64%
17.BOS, CINBob Cousy
62%
32.SASManu Ginobili
59%
33.TOR, NJN, ORL, PHO, DAL,MEM, SAC, ATLVince Carter
52%
31.DEN, SEADavid Thompson
48%
45.CHI, NYK, CLE, MIN, DETDerrick Rose
48%
39.ORL, PHO, NYK, MIAPenny Hardaway
47%
44.GSW, MIA, DAL, DEN, INDTim Hardaway
47%
16.NYK, CLEWalt Frazier
47%
35.BOS, TOR, DEN, MIN, DET, NYK, LACChauncey Billups
40%
29.DETJoe Dumars
40%
18.SAS, CHIGeorge Gervin
38%
28.BOSSam Jones
36%
47.PHODevin Booker
34%
34.PHIHal Greer
29%
48.BAL, NYKEarl Monroe
24%
27.MIL, ATLSidney Moncrief
24%
30.CIN, NYN, BOS, MILTiny Archibald
21%
49.GSW, SAC, WAS, LALMitch Richmond
19%
40.DET, WAS, BOSDave Bing
17%
41.LAL, PHO, NOJGail Goodrich
16%
43.PHO, DEN, PORWalter Davis
16%
21.OKL, HOU, WAS, LAL, LACRussell Wesbrook
9%
42.BOS, WASBill Sharman
7%
50.BAL, CHIJerry Sloan
5%
46.ROCBob Davies
2%

Score Distribution

Percentile by Number Answered

Percent of People with Each Score

Your Score History

You have not taken this quiz